Eastern Airlines Destinations - Statistics

General Stats
  • This quiz has been taken 22 times
  • The average score is 18 of 22
Answer Stats
Country Answer % Correct
Paraguay Asunción
100%
Argentina Buenos Aires
100%
Guatemala Guatemala City
100%
USA Los Angeles
100%
USA Miami
100%
USA New York City
100%
Ecuador Quito
100%
Canada Toronto
100%
Guyana Georgetown
93%
Nicaragua Managua
93%
Mexico Mexico City
93%
Uruguay Montevideo
93%
Haiti Port-au-Prince
93%
Dominican Republic Santo Domingo
93%
USA Boston
79%
USA Chicago
79%
Bosnia and Herzegovina Sarajevo
79%
Ecuador Guayaquil
64%
Brazil Belo Horizonte
57%
USA Philadelphia
43%
USA Anchorage
29%
Bolivia Santa Cruz de la Sierra
21%
No matching quizzes found
Score Distribution
Percent of People with Each Score
Percentile by Number Answered
Your Score History
You have not taken this quiz